| 000 | 00701nam a2200217 a 4500 | ||
|---|---|---|---|
| 005 | 20240919064502.0 | ||
| 008 | 991125s1992 mx 000 0 spa u | ||
| 020 | _a9688953997 | ||
| 035 | _aUPN01000007009 | ||
| 049 | _aC | ||
| 050 | 4 |
_aZ5322 E1 _bM6.3 |
|
| 100 | 1 | _aMoreno Ceja, Faustino | |
| 245 | 1 | 0 |
_aCatálogo bibliográfico del medio ambiente / _cFaustino Moreno Ceja. |
| 260 |
_aGuadalajara : _bU de G, Coordinación General de Ecología y Educación Ambiental, _c1992. |
||
| 300 | _a164 p. | ||
| 500 | _aFotocopia engargolada | ||
| 650 | 4 |
_aECOLOGIA - _vBIBLIOGRAFIA _912547 |
|
| 650 | 4 |
_aEducación ambiental _94338 |
|
| 650 | 4 |
_aPOLITICA AMBIENTAL - _vBIBLIOGRAFIA _91365 |
|
| 905 | _aLibro | ||
| 999 |
_c7009 _d7009 |
||